Communes de Vendée (85) de plus de 10000 habitants - Statistiques

Statistiques générales
  • Ce quiz a été pris 90 fois
  • Le résultat moyen est 5 sur 8
Statistiques - réponses
Habitants Communes % Correct
54699 (préfecture) La Roche-sur-Yon
100%
48740 Les Sables-d'Olonne
97%
16589 Les Herbiers
84%
22890 Challans
81%
13806 Fontenay-le-Comte
58%
20754 Montaigu-Vendée
48%
10218 Aizenay
43%
12923 Saint-Hilaire-de-Riez
33%
Aucun quiz correspondant
Distribution des résultats
% des personnes avec chaque résultat
Percentile par nombre de réponses
Votre historique - résultats
Vous n’avez pas pris ce quiz